[Event "Monsaraz Rapid op"]
[Site "Monsaraz"]
[Date "2023.11.25"]
[Round "4"]
[White "Goncalves, Samuel Jesus P"]
[Black "Adomeit, Dmitri"]
[Result "1-0"]
[WhiteElo "2136"]
[BlackElo "1690"]
[PlyCount "69"]
[EventDate "2023.11.25"]
[EventType "swiss (rapid)"]
[EventRounds "9"]
[EventCountry "POR"]
[SourceTitle "CB48_2023"]
[SourceDate "2023.11.29"]
[SourceVersion "1"]
[SourceVersionDate "2023.11.29"]
[SourceQuality "1"]

1. Nf3 Nf6 2. g3 g6 3. Bg2 Bg7 4. 0-0 d5 5. d4 0-0 6. c4 c6 7. Ne5 e6 8. Nc3 Nbd7 9. Nxd7 Bxd7 10. Qb3 Qb6 11. c5 Qc7 12. Bf4 Qc8 13. Rad1 Nh5 14. Bd6 Re8 15. e4 e5 16. Bxe5 Bxe5 17. dxe5 dxe4 18. Nxe4 Rxe5 19. Nd6 Qf8 20. Qxb7 Bg4 21. Rd4 Be6 22. Qxc6 Rb8 23. b4 Bxa2 24. b5 Ng7 25. Re4 Bd5 26. Rxe5 Bxc6 27. bxc6 Ne6 28. Rxe6 fxe6 29. c7 Rc8 30. Nxc8 Qxc8 31. c6 Qxc7 32. Rb1 Qe5 33. h4 h5 34. Rb7 Qe1+ 35. Kh2 1-0

[Event "Vellmar op 1st"]
[Site "Vellmar"]
[Date "2009.08.01"]
[Round "5"]
[White "Adomeit, Dmitri"]
[Black "Ruff, Maximilian"]
[Result "0-1"]
[WhiteElo "1706"]
[BlackElo "1986"]
[PlyCount "76"]
[EventDate "2009.07.30"]
[EventType "swiss"]
[EventRounds "7"]
[EventCountry "GER"]
[SourceTitle "EXT 2018"]
[Source "ChessBase"]
[SourceDate "2017.10.13"]
[SourceVersion "1"]
[SourceVersionDate "2017.10.13"]
[SourceQuality "1"]

1. e4 e5 2. f4 Bc5 3. Nf3 d6 4. d4 exd4 5. Bd3 Nc6 6. a3 Nf6 7. Nbd2 Be6 8. h3 Qe7 9. Qe2 a6 10. b4 Ba7 11. 0-0 Nh5 12. Qf2 Nxf4 13. Nh2 Nxd3 14. cxd3 Ne5 15. Qe2 0-0 16. Ndf3 Bb6 17. Kh1 f6 18. Bd2 c5 19. Nxe5 dxe5 20. Rac1 Rac8 21. bxc5 Bxc5 22. a4 Ba3 23. Rb1 Rc2 24. Nf3 Ba2 25. Rbe1 Bb3 26. a5 Rfc8 27. Nh4 Be6 28. Rd1 Bb4 29. Bxb4 Qxb4 30. Qh5 Qxa5 31. Nf3 Qc7 32. g4 Rf8 33. g5 g6 34. Qh6 f5 35. Nh4 Qg7 36. Nxf5 Bxf5 37. exf5 Qf7 38. f6 Qd5+ 0-1

[Event "Vellmar op 1st"]
[Site "Vellmar"]
[Date "2009.08.01"]
[Round "4"]
[White "Werner, Alexander"]
[Black "Adomeit, Dmitri"]
[Result "1/2-1/2"]
[WhiteElo "2080"]
[BlackElo "1706"]
[PlyCount "35"]
[EventDate "2009.07.30"]
[EventType "swiss"]
[EventRounds "7"]
[EventCountry "GER"]
[SourceTitle "EXT 2018"]
[Source "ChessBase"]
[SourceDate "2017.10.13"]
[SourceVersion "1"]
[SourceVersionDate "2017.10.13"]
[SourceQuality "1"]

1. e4 e6 2. d4 d5 3. e5 c5 4. c3 Nc6 5. Nf3 cxd4 6. cxd4 a6 7. Nc3 f6 8. Bd3 Be7 9. 0-0 fxe5 10. Nxe5 Nf6 11. Be3 0-0 12. f4 Bd7 13. Rf3 Be8 14. Rh3 Rc8 15. g4 g6 16. Kh1 Qb6 17. Na4 Qa5 18. Be2 1/2-1/2

[Event "Vellmar op 1st"]
[Site "Vellmar"]
[Date "2009.07.30"]
[Round "1"]
[White "Schnegelsberg, Karl Heinz"]
[Black "Adomeit, Dmitri"]
[Result "1-0"]
[WhiteElo "2011"]
[BlackElo "1706"]
[PlyCount "89"]
[EventDate "2009.07.30"]
[EventType "swiss"]
[EventRounds "7"]
[EventCountry "GER"]
[SourceTitle "EXT 2018"]
[Source "ChessBase"]
[SourceDate "2017.10.13"]
[SourceVersion "1"]
[SourceVersionDate "2017.10.13"]
[SourceQuality "1"]

1. Nf3 Nf6 2. g3 g6 3. Bg2 Bg7 4. 0-0 d6 5. d3 0-0 6. e4 e5 7. Nbd2 Ne8 8. c3 c6 9. d4 exd4 10. cxd4 Na6 11. Re1 Nac7 12. b3 Nb5 13. Bb2 Be6 14. a4 Nbc7 15. Rc1 f5 16. e5 d5 17. Qe2 Bh6 18. Rc3 f4 19. Kh1 Qd7 20. Ng1 Ng7 21. Ndf3 Nh5 22. Ba3 Rf7 23. Bd6 Re8 24. b4 a6 25. b5 axb5 26. Bxc7 Qxc7 27. axb5 g5 28. Nxg5 Bxg5 29. Qxh5 Qe7 30. bxc6 fxg3 31. Rxg3 Rg7 32. cxb7 Bf7 33. Qf3 Qxb7 34. e6 Rxe6 35. Rxe6 Bxe6 36. Qd3 Qc7 37. Qb3 Qd8 38. Ne2 Bh6 39. Qb7 Bf7 40. Nc3 Rxg3 41. hxg3 Bg7 42. Nb5 Qg5 43. Bf3 Qd8 44. Kg2 Kh8 45. Qxf7 1-0

[Event "Dortmund op-B"]
[Site "Dortmund"]
[Date "2004.07.29"]
[Round "7"]
[White "Wojdyla, Richard"]
[Black "Adomeit, Dmitri"]
[Result "0-1"]
[WhiteElo "1598"]
[BlackElo "1316"]
[PlyCount "130"]
[EventDate "2004.07.??"]
[EventType "swiss"]
[EventRounds "9"]
[EventCountry "GER"]
[SourceTitle "EXT 2006"]
[Source "ChessBase"]
[SourceDate "2005.11.24"]
[SourceVersion "1"]
[SourceVersionDate "2005.11.24"]
[SourceQuality "1"]

1. f4 d5 2. Nf3 e6 3. g3 Be7 4. d4 c5 5. c3 Nf6 6. Bg2 Nc6 7. e3 cxd4 8. exd4 Qc7 9. 0-0 b6 10. a4 Bb7 11. h3 h5 12. Kh2 0-0-0 13. Ne5 Rdf8 14. h4 Nxe5 15. dxe5 Ng4+ 16. Kh3 Ba6 17. Rf3 Bc5 18. Qe1 Bb7 19. b4 Be7 20. Rd3 Kd7 21. Bf3 Rc8 22. Ba3 f5 23. exf6 Bxf6 24. Bxg4 hxg4+ 25. Kxg4 Qc4 26. Bb2 Qxd3 27. Ra3 Qf5+ 28. Kf3 d4+ 29. Kf2 Qc2+ 30. Qd2 Qxd2+ 31. Nxd2 dxc3 32. Bc1 cxd2 33. Rd3+ Ke7 34. Bxd2 Rcd8 35. Ke3 Rxd3+ 36. Kxd3 Rd8+ 37. Ke2 Ba6+ 38. b5 Bb7 39. Bb4+ Kf7 40. Be1 Bd5 41. g4 Bb3 42. g5 Be7 43. a5 Bc4+ 44. Kf3 Bxb5 45. axb6 axb6 46. h5 Bc4 47. Bh4 b5 48. g6+ Kf8 49. Bf2 b4 50. Bb6 Rd7 51. Ke4 b3 52. h6 Bd5+ 53. Kd3 gxh6 54. Bd4 h5 55. Ke3 Ba3 56. Kf2 b2 57. Bxb2 Bxb2 58. Kg3 Kg7 59. Kh3 Kxg6 60. Kg3 Kf5 61. Kh4 Rg7 62. Kh3 Kxf4 63. Kh4 Bf6+ 64. Kxh5 Be4 65. Kh6 Rh7# 0-1